Statistics for Dark Souls 1 Starting Classes

Click here to take the quiz!

General Stats

  • This quiz has been taken 64 times
  • The average score is 7 of 10

Answer Stats

Answer% Correct
Knight
95%
Pyromancer
89%
Warrior
84%
Cleric
80%
Sorcerer
80%
Thief
77%
Bandit
68%
Deprived
68%
Hunter
50%
Wanderer
41%

Score Distribution

Percentile by Number Answered

Percent of People with Each Score

Your Score History

You have not taken this quiz